<?xml version="1.0" encoding="UTF-8"?>
<record
    xmlns:xsi="http://www.w3.org/2001/XMLSchema-instance"
    xsi:schemaLocation="http://www.loc.gov/MARC21/slim http://www.loc.gov/standards/marcxml/schema/MARC21slim.xsd"
    xmlns="http://www.loc.gov/MARC21/slim">

  <leader>02054nam0a2200397   4500</leader>
  <controlfield tag="001">RU\NLR\BIBL_A\010944649</controlfield>
  <controlfield tag="005">20260406205153.0</controlfield>
  <datafield tag="010" ind1=" " ind2=" ">
    <subfield code="a">978-5-906693-61-7</subfield>
    <subfield code="9">300</subfield>
  </datafield>
  <datafield tag="021" ind1=" " ind2=" ">
    <subfield code="a">RU</subfield>
    <subfield code="b">15-93677</subfield>
  </datafield>
  <datafield tag="035" ind1=" " ind2=" ">
    <subfield code="a">(NILC)RuMoRGB-008089853</subfield>
  </datafield>
  <datafield tag="035" ind1=" " ind2=" ">
    <subfield code="a">(NLR Aleph) 010944649</subfield>
  </datafield>
  <datafield tag="090" ind1=" " ind2=" ">
    <subfield code="a">10763076</subfield>
    <subfield code="c">10763076</subfield>
  </datafield>
  <datafield tag="100" ind1=" " ind2=" ">
    <subfield code="a">20151225d2015    |||y0rusy50      ca</subfield>
  </datafield>
  <datafield tag="101" ind1="0" ind2=" ">
    <subfield code="a">rus</subfield>
  </datafield>
  <datafield tag="102" ind1=" " ind2=" ">
    <subfield code="a">RU</subfield>
  </datafield>
  <datafield tag="105" ind1=" " ind2=" ">
    <subfield code="a">ac||z|||000yy</subfield>
  </datafield>
  <datafield tag="200" ind1="1" ind2=" ">
    <subfield code="a">&#x422;&#x443;&#x431;&#x435;&#x440;&#x43A;&#x443;&#x43B;&#x435;&#x437; &#x432; XXI &#x432;&#x435;&#x43A;&#x435;: &#x43F;&#x440;&#x43E;&#x431;&#x43B;&#x435;&#x43C;&#x44B; &#x438; &#x43F;&#x443;&#x442;&#x438; &#x440;&#x435;&#x448;&#x435;&#x43D;&#x438;&#x44F;</subfield>
    <subfield code="e">&#x442;&#x440;&#x443;&#x434;&#x44B; &#x424;&#x413;&#x411;&#x41D;&#x423; "&#x426;&#x41D;&#x418;&#x418;&#x422;"</subfield>
    <subfield code="e">&#x43F;&#x430;&#x43C;&#x44F;&#x442;&#x438; &#x447;&#x43B;&#x435;&#x43D;&#x430;-&#x43A;&#x43E;&#x440;&#x440;&#x435;&#x441;&#x43F;&#x43E;&#x43D;&#x434;&#x435;&#x43D;&#x442;&#x430; &#x420;&#x410;&#x41D; &#x412;.&#x412;. &#x415;&#x440;&#x43E;&#x445;&#x438;&#x43D;&#x430; &#x43F;&#x43E;&#x441;&#x432;&#x44F;&#x449;&#x430;&#x435;&#x442;&#x441;&#x44F;</subfield>
    <subfield code="f">&#x424;&#x435;&#x434;&#x435;&#x440;&#x430;&#x43B;&#x44C;&#x43D;&#x43E;&#x435; &#x433;&#x43E;&#x441;. &#x431;&#x44E;&#x434;&#x436;&#x435;&#x442;&#x43D;&#x43E;&#x435; &#x43D;&#x430;&#x443;&#x447;. &#x443;&#x447;&#x440;&#x435;&#x436;&#x434;&#x435;&#x43D;&#x438;&#x435; "&#x426;&#x435;&#x43D;&#x442;&#x440;&#x430;&#x43B;&#x44C;&#x43D;&#x44B;&#x439; &#x43D;&#x430;&#x443;&#x447;&#x43D;&#x43E;-&#x438;&#x441;&#x441;&#x43B;&#x435;&#x434;&#x43E;&#x432;&#x430;&#x442;&#x435;&#x43B;&#x44C;&#x441;&#x43A;&#x438;&#x439; &#x438;&#x43D;-&#x442; &#x442;&#x443;&#x431;&#x435;&#x440;&#x43A;&#x443;&#x43B;&#x435;&#x437;&#x430;"</subfield>
    <subfield code="g">&#x43F;&#x43E;&#x434; &#x440;&#x435;&#x434;. &#x43F;&#x440;&#x43E;&#x444;. &#x410;.&#x42D;. &#x42D;&#x440;&#x433;&#x435;&#x448;&#x43E;&#x432;&#x430;</subfield>
    <subfield code="g">[&#x43D;&#x430;&#x443;&#x447;. &#x440;&#x435;&#x434;. &#x438; &#x441;&#x43E;&#x441;&#x442;. &#x434;.&#x43C;.&#x43D;., &#x43F;&#x440;&#x43E;&#x444;. &#x41E;.&#x412;. &#x414;&#x435;&#x43C;&#x438;&#x445;&#x43E;&#x432;&#x430;]</subfield>
  </datafield>
  <datafield tag="210" ind1=" " ind2=" ">
    <subfield code="a">&#x41C;&#x43E;&#x441;&#x43A;&#x432;&#x430;</subfield>
    <subfield code="c">&#x426;&#x41D;&#x418;&#x418;&#x422;</subfield>
    <subfield code="d">2015</subfield>
  </datafield>
  <datafield tag="215" ind1=" " ind2=" ">
    <subfield code="a">351 &#x441;.</subfield>
    <subfield code="c">&#x438;&#x43B;., &#x43F;&#x43E;&#x440;&#x442;&#x440;., &#x442;&#x430;&#x431;&#x43B;., &#x446;&#x432;. &#x438;&#x43B;.</subfield>
    <subfield code="d">25</subfield>
  </datafield>
  <datafield tag="320" ind1=" " ind2=" ">
    <subfield code="a">&#x411;&#x438;&#x431;&#x43B;&#x438;&#x43E;&#x433;&#x440;. &#x432; &#x43A;&#x43E;&#x43D;&#x446;&#x435; &#x441;&#x442;.</subfield>
  </datafield>
  <datafield tag="600" ind1=" " ind2="1">
    <subfield code="a">&#x415;&#x440;&#x43E;&#x445;&#x438;&#x43D;</subfield>
    <subfield code="b">&#x412;.&#x412;.</subfield>
    <subfield code="f">1936 - 2014</subfield>
    <subfield code="g">&#x412;&#x43B;&#x430;&#x434;&#x438;&#x441;&#x43B;&#x430;&#x432; &#x412;&#x441;&#x435;&#x432;&#x43E;&#x43B;&#x43E;&#x434;&#x43E;&#x432;&#x438;&#x447;</subfield>
    <subfield code="9">2277335</subfield>
    <subfield code="3">RU\NLR\AUTH\6601593109</subfield>
  </datafield>
  <datafield tag="606" ind1="1" ind2=" ">
    <subfield code="a">&#x422;&#x443;&#x431;&#x435;&#x440;&#x43A;&#x443;&#x43B;&#x435;&#x437;</subfield>
    <subfield code="j">&#x421;&#x431;&#x43E;&#x440;&#x43D;&#x438;&#x43A;&#x438;</subfield>
    <subfield code="9">930954</subfield>
    <subfield code="3">RU\NLR\AUTH\6624202</subfield>
  </datafield>
  <datafield tag="675" ind1=" " ind2=" ">
    <subfield code="a">616</subfield>
  </datafield>
  <datafield tag="686" ind1="1" ind2=" ">
    <subfield code="a">&#x420;54&#x44F;43</subfield>
  </datafield>
  <datafield tag="686" ind1="1" ind2=" ">
    <subfield code="a">&#x420;.&#x433;(2)&#x434; &#x415;&#x440;&#x43E;&#x445;&#x438;&#x43D;</subfield>
  </datafield>
  <datafield tag="702" ind1=" " ind2="1">
    <subfield code="a">&#x42D;&#x440;&#x433;&#x435;&#x448;&#x43E;&#x432;</subfield>
    <subfield code="b">&#x410;. &#x42D;.</subfield>
    <subfield code="f">1961-</subfield>
    <subfield code="g">&#x410;&#x442;&#x430;&#x434;&#x436;&#x430;&#x43D; &#x42D;&#x440;&#x433;&#x435;&#x448;&#x43E;&#x432;&#x438;&#x447;</subfield>
    <subfield code="4">340</subfield>
  </datafield>
  <datafield tag="702" ind1=" " ind2="1">
    <subfield code="a">&#x414;&#x435;&#x43C;&#x438;&#x445;&#x43E;&#x432;&#x430;</subfield>
    <subfield code="b">&#x41E;.&#x412;.</subfield>
    <subfield code="g">&#x41E;&#x43B;&#x44C;&#x433;&#x430; &#x412;&#x43B;&#x430;&#x434;&#x438;&#x43C;&#x438;&#x440;&#x43E;&#x432;&#x43D;&#x430;</subfield>
    <subfield code="4">220</subfield>
  </datafield>
  <datafield tag="702" ind1=" " ind2="1">
    <subfield code="a">&#x415;&#x440;&#x43E;&#x445;&#x438;&#x43D;</subfield>
    <subfield code="b">&#x412;. &#x412;.</subfield>
    <subfield code="c">&#x444;&#x442;&#x438;&#x437;&#x438;&#x430;&#x442;&#x440;</subfield>
    <subfield code="c">&#x43F;&#x430;&#x442;&#x43E;&#x43B;&#x43E;&#x433;&#x43E;&#x430;&#x43D;&#x430;&#x442;&#x43E;&#x43C;</subfield>
    <subfield code="f">1936-2014</subfield>
    <subfield code="g">&#x412;&#x43B;&#x430;&#x434;&#x438;&#x441;&#x43B;&#x430;&#x432; &#x412;&#x441;&#x435;&#x432;&#x43E;&#x43B;&#x43E;&#x434;&#x43E;&#x432;&#x438;&#x447;</subfield>
    <subfield code="4">570</subfield>
  </datafield>
  <datafield tag="711" ind1="0" ind2="2">
    <subfield code="a">&#x426;&#x41D;&#x418;&#x418; &#x442;&#x443;&#x431;&#x435;&#x440;&#x43A;&#x443;&#x43B;&#x435;&#x437;&#x430;</subfield>
    <subfield code="c">&#x41C;&#x43E;&#x441;&#x43A;&#x432;&#x430;</subfield>
    <subfield code="3">RU\NLR\AUTH\889965725</subfield>
    <subfield code="9">427711</subfield>
  </datafield>
  <datafield tag="801" ind1=" " ind2="0">
    <subfield code="a">RU</subfield>
    <subfield code="b">&#x420;&#x413;&#x411;</subfield>
    <subfield code="c">20151208</subfield>
    <subfield code="g">RCR</subfield>
  </datafield>
  <datafield tag="942" ind1=" " ind2=" ">
    <subfield code="c">BOOK</subfield>
  </datafield>
  <datafield tag="980" ind1=" " ind2=" ">
    <subfield code="a">NBR</subfield>
  </datafield>
  <datafield tag="980" ind1=" " ind2=" ">
    <subfield code="a">NB</subfield>
  </datafield>
  <datafield tag="995" ind1=" " ind2=" ">
    <subfield code="5">2015-12-25</subfield>
    <subfield code="a">ad</subfield>
    <subfield code="b">NLR01</subfield>
    <subfield code="c">NLR01</subfield>
    <subfield code="e">RF9</subfield>
    <subfield code="f">1-1277587</subfield>
    <subfield code="k">2015-7/7457</subfield>
    <subfield code="o">0</subfield>
    <subfield code="r">BOOK</subfield>
    <subfield code="s">201577457_</subfield>
  </datafield>
  <datafield tag="995" ind1=" " ind2=" ">
    <subfield code="5">2015-12-25</subfield>
    <subfield code="a">ad</subfield>
    <subfield code="b">NLR01</subfield>
    <subfield code="c">NLR01</subfield>
    <subfield code="e">RF9</subfield>
    <subfield code="f">1-1277588</subfield>
    <subfield code="k">2015-7/7457</subfield>
    <subfield code="o">0</subfield>
    <subfield code="r">BOOK</subfield>
    <subfield code="s">201577457_</subfield>
  </datafield>
</record>
